Being, essence and substance in Plato and Aristotle : (Record no. 119985)
[ view plain ]
| 000 -LEADER | |
|---|---|
| fixed length control field | 01535cam a2200409 i 4500 |
| 001 - CONTROL NUMBER | |
| control field | 10519153 |
| 003 - CONTROL NUMBER IDENTIFIER | |
| control field | ARRUPE |
| 005 - DATE AND TIME OF LATEST TRANSACTION | |
| control field | 20140206161948.0 |
| 008 - FIXED-LENGTH DATA ELEMENTS--GENERAL INFORMATION | |
| fixed length control field | 130207s2013 enk b 001 0 eng d |
| 020 ## - INTERNATIONAL STANDARD BOOK NUMBER | |
| International Standard Book Number | 9780745660547 (hardback) |
| 020 ## - INTERNATIONAL STANDARD BOOK NUMBER | |
| International Standard Book Number | 0745660541 (hardback) |
| 020 ## - INTERNATIONAL STANDARD BOOK NUMBER | |
| International Standard Book Number | 9780745660554 (pbk.) |
| 020 ## - INTERNATIONAL STANDARD BOOK NUMBER | |
| International Standard Book Number | 074566055X (pbk.) |
| 024 ## - OTHER STANDARD IDENTIFIER | |
| Standard number or code | 40022808867 |
| 035 ## - SYSTEM CONTROL NUMBER | |
| System control number | (OCoLC)829055762 |
| 035 ## - SYSTEM CONTROL NUMBER | |
| System control number | (OCoLC)ocn829055762 |
| 035 ## - SYSTEM CONTROL NUMBER | |
| System control number | (NNC)10519153 |
| 040 ## - CATALOGING SOURCE | |
| Original cataloging agency | UKMGB |
| Language of cataloging | eng |
| Description conventions | rda |
| Transcribing agency | UKMGB |
| Modifying agency | OCLCO |
| -- | YDXCP |
| -- | NhCcYBP |
| 050 #4 - LIBRARY OF CONGRESS CALL NUMBER | |
| Classification number | B2430.R553 |
| Item number | E8713 2013 |
| 082 04 - DEWEY DECIMAL CLASSIFICATION NUMBER | |
| Classification number | 180 |
| Edition number | 23 |
| 300 ## - PHYSICAL DESCRIPTION | |
| Dimensions | 23 cm |
| 100 1# - MAIN ENTRY--PERSONAL NAME | |
| Personal name | Ricœur, Paul, |
| Relator term | author. |
| 9 (RLIN) | 8277 |
| 240 10 - UNIFORM TITLE | |
| Uniform title | <a href="Être, essence et substance chez Platon et Aristote.">Être, essence et substance chez Platon et Aristote.</a> |
| Language of a work | English |
| 245 10 - TITLE STATEMENT | |
| Title | Being, essence and substance in Plato and Aristotle : |
| Remainder of title | course taught at the University of Strasbourg in 1953-1954 / |
| Statement of responsibility, etc | Paul Ricoeur ; text verified and annotated by Jean Louis Schlegel ; translated by David Pellauer and John Starkey. |
| 300 ## - PHYSICAL DESCRIPTION | |
| Extent | xi, 266 pages ; |
| 500 ## - GENERAL NOTE | |
| General note | Originally published in 2011 as Être, essence et substance chez Platon et Aristote. |
| 504 ## - BIBLIOGRAPHY, ETC. NOTE | |
| Bibliography, etc | Includes bibliographical references and indexes. |
| 600 00 - SUBJECT ADDED ENTRY--PERSONAL NAME | |
| Personal name | Plato. |
| 9 (RLIN) | 8278 |
| 600 00 - SUBJECT ADDED ENTRY--PERSONAL NAME | |
| Personal name | Aristotle. |
| 9 (RLIN) | 8279 |
| 650 #0 - SUBJECT ADDED ENTRY--TOPICAL TERM | |
| Topical term or geographic name as entry element | Metaphysics. |
| 9 (RLIN) | 8280 |
| 700 1# - ADDED ENTRY--PERSONAL NAME | |
| Personal name | Schlegel, Jean-Louis, |
| Relator term | editor. |
| 9 (RLIN) | 8281 |
| 700 1# - ADDED ENTRY--PERSONAL NAME | |
| Personal name | Pellauer, David, |
| Relator term | translator. |
| 9 (RLIN) | 8282 |
| 700 1# - ADDED ENTRY--PERSONAL NAME | |
| Personal name | Starkey, John C. M., |
| Relator term | translator. |
| 9 (RLIN) | 8283 |
| 942 ## - ADDED ENTRY ELEMENTS (KOHA) | |
| Source of classification or shelving scheme | Library of Congress Classification |
| Koha item type | Monograph ( Printed materials) |
| 948 1# - LOCAL PROCESSING INFORMATION (OCLC); SERIES PART DESIGNATOR (RLIN) | |
| Series part designator, SPT (RLIN) | 20131025 |
| b (OCLC) | c |
| c (OCLC) | ybp21 |
| d (OCLC) | MPS |
| 949 ## - LOCAL PROCESSING INFORMATION (OCLC) | |
| i | 0073245720 |
| Withdrawn status | Lost status | Source of classification or shelving scheme | Damaged status | Not for loan | Collection code | Home library | Current library | Shelving location | Date acquired | Total Checkouts | Full call number | Barcode | Date last seen | Price effective from | Koha item type |
|---|---|---|---|---|---|---|---|---|---|---|---|---|---|---|---|
| Library of Congress Classification | Main Collection | ARRUPE LIBRARY | ARRUPE LIBRARY | Main Collection | 06/02/2014 | B2430.R553 E87 2013 | 46411916 | 06/02/2014 | 06/02/2014 | Monograph ( Printed materials) |